| Tag |
First Indicator |
Second Indicator |
Subfields |
| LEADER |
00000cam a2200000 a 4500 |
| 001 |
in00000878310 |
| 005 |
20151019134308.0 |
| 008 |
881003s1989 nyua b 00110deng |
| 010 |
|
|
|a 88030319
|
| 020 |
|
|
|a 0847810275 :
|c $40.00
|
| 035 |
|
|
|a (OCoLC)18682833
|
| 035 |
|
|
|9 AEK0995AM
|
| 040 |
|
|
|a DLC
|c DLC
|d TXA
|d UtOrBLW
|
| 043 |
|
|
|a n-us---
|
| 049 |
|
|
|a TXAM
|c [A12504017]
|
| 050 |
0 |
0 |
|a CT274.V35
|b K55 1989
|
| 082 |
0 |
0 |
|a 728.8/3/0973
|2 19
|
| 100 |
1 |
|
|a King, Robert B.
|
| 245 |
1 |
4 |
|a The Vanderbilt homes /
|c Robert B. King with Charles O. McLean.
|
| 264 |
|
1 |
|a New York :
|b Rizzoli,
|c 1989.
|
| 300 |
|
|
|a xiii, 194 pages :
|b illustrations (some color) ;
|c 28 cm.
|
| 336 |
|
|
|a text
|b txt
|2 rdacontent
|
| 337 |
|
|
|a unmediated
|b n
|2 rdamedia
|
| 338 |
|
|
|a volume
|b nc
|2 rdacarrier
|
| 504 |
|
|
|a Bibliography: pages 183-191.
|
| 500 |
|
|
|a Includes index.
|
| 600 |
3 |
0 |
|a Vanderbilt family.
|
| 650 |
|
0 |
|a Architecture, Domestic
|z United States.
|
| 650 |
|
0 |
|a Dwellings
|z United States.
|
| 700 |
1 |
|
|a McLean, Charles O.
|
| 999 |
|
|
|a MARS
|
| 999 |
f |
f |
|s 8cf595eb-76ec-3ecd-b2df-e6d072ee7a77
|i 081033fc-1036-3450-aa37-6802e4a25072
|t 0
|
| 952 |
f |
f |
|p ric
|a Texas A&M University
|b Rellis Campus
|c Joint Library Facility
|d Remote Storage
|t 0
|e CT274.V35 K55 1989
|h Library of Congress classification
|i unmediated -- volume
|m A14812504017
|
| 998 |
f |
f |
|a CT274.V35 K55 1989
|t 0
|l Remote Storage
|